|
|
|
|
| LEADER |
00000nam a2200000 i 4500 |
| 001 |
DIGVIETO126 |
| 003 |
NyNyDIG |
| 008 |
200515s2011 sp a o6 000 0 spa d |
| 006 |
m o d |
| 007 |
cr ||||||||||| |
| 035 |
|
|
|a (OCoLC)1155427157
|
| 040 |
|
|
|a DGITA
|b eng
|e rda
|e pn
|c DGITA
|
| 020 |
|
|
|z 9788415216087
|
| 020 |
|
|
|z 8415216084
|
| 043 |
|
|
|a e-sp---
|
| 050 |
1 |
4 |
|a PN6777.K35 ebook
|
| 082 |
0 |
4 |
|a 741.5946
|
| 100 |
1 |
|
|a Kalvellido, Juan,
|d 1968-
|e illustrator.
|
| 245 |
1 |
0 |
|a Exilio /
|c dibujos, J. Kalvellido ; guion, Salvador Pujol y Miquel Piera ; repaso histórico, Manel Márquez.
|
| 264 |
|
1 |
|a [Barcelona] :
|b Associació de Terrassa per la III República :
|b Memorial democràtic :
|b El Viejo Topo,
|c [2011]
|
| 300 |
|
|
|a 1 online resource :
|b chiefly illustrations.
|
| 336 |
|
|
|a text
|b txt
|2 rdacontent
|
| 337 |
|
|
|a computer
|b c
|2 rdamedia
|
| 338 |
|
|
|a online resource
|b cr
|2 rdacarrier
|
| 347 |
|
|
|a text file
|2 rdaft
|
| 347 |
|
|
|b PDF
|
| 588 |
0 |
|
|a Online resource; title from PDF title page (Digitalia, viewed May 25, 2020)
|
| 650 |
|
0 |
|a World War, 1939-1945
|z Spain
|v Comic books, strips, etc.
|
| 655 |
|
7 |
|a Graphic novels.
|2 lcgft
|
| 655 |
|
7 |
|a Comics (Graphic works)
|2 lcgft
|
| 655 |
|
0 |
|a Electronic books.
|
| 700 |
1 |
|
|a Pujol, Salvador,
|e author.
|
| 700 |
1 |
|
|a Piera, Miquel,
|e author.
|
| 700 |
1 |
|
|a Márquez, Manel,
|e contributor agent of text.
|
| 791 |
2 |
|
|a Digitalia (Firm),
|e distributor.
|
| 793 |
0 |
|
|g Digitalia eBook Collection:
|a El Viejo Topo
|
| 776 |
0 |
8 |
|i Print version:
|a Kalvellido, Juan, 1968-
|t Exilio.
|d [Barcelona] : Associació de Terrassa per la III República : Memorial democràtic : El Viejo Topo, ©2011
|z 9788415216087
|w (OCoLC)754154750
|
| 856 |
4 |
0 |
|3 Digitalia Hispánica
|u https://www.digitaliapublishing.com/a/57688/
|
| 910 |
|
|
|a Premium collection: 2020
|